Dependencia y relaciones internacionales /
Guardat en:
| Autor principal: | |
|---|---|
| Altres autors: | |
| Format: | Text |
| Publicat: |
San José:
EDUCA
|
| Etiquetes: |
Afegir etiqueta
Sense etiquetes, Sigues el primer a etiquetar aquest registre!
|
MARC
| LEADER | 00000 a a2200000 04500 | ||
|---|---|---|---|
| 001 | 23029 | ||
| 003 | |||
| 040 | |||
| 020 | |a 84-8360-101-X | ||
| 090 | |a 158700 | ||
| 100 | |a Caputo, Orlando | ||
| 245 | |a Dependencia y relaciones internacionales / |c Orlando Caputo | ||
| 260 | |a San José: |b EDUCA | ||
| 300 | |a 284 p. | ||
| 700 | |a Pizarro, Roberto | ||
| 999 | |c 12383 |d 12383 | ||



